Zvyšování kvality osobní dopravy z hlediska prognózy.

Hodnotenie kvality osobnej dopravy v súvislosti so zvyšujúcou sa životnou úrovňou obyvateľstva. Integrovaný systém diaľkovej osobnej dopravy. Potreby inovácie infraštruktúry v železničnej doprave. Prognostické metódy vývoja osobnej dopravy: štatistická a kombinovaná.

Salvato in:
Dettagli Bibliografici
Autore principale: Žemlička, Z.
Altri autori: Kunst, J.
Natura: Capitolo di libro
Lingua:ceco
Soggetti:
Tags: Aggiungi Tag
Nessun Tag, puoi essere il primo ad aggiungerne!!

MARC

LEADER 00000naa a2200000 4500
001 r004284
005 20221125075610.4
041 0 |a cze 
044 |a [CS] 
245 1 0 |a Zvyšování kvality osobní dopravy z hlediska prognózy.  |c Z. Žemlička, J. Kunst 
520 |a Hodnotenie kvality osobnej dopravy v súvislosti so zvyšujúcou sa životnou úrovňou obyvateľstva. Integrovaný systém diaľkovej osobnej dopravy. Potreby inovácie infraštruktúry v železničnej doprave. Prognostické metódy vývoja osobnej dopravy: štatistická a kombinovaná. 
610 2 0 |a doprava osobná 
610 2 0 |a kvalita 
610 2 0 |a prognózy 
610 2 0 |a úroveň životná 
610 2 0 |a doprava železničná 
610 2 0 |a inovácia 
610 2 0 |a infraštruktúra 
610 2 0 |a metódy prognostické 
610 2 0 |a metódy štatistické 
100 1 |a Žemlička, Z. 
700 1 |a Kunst, J.